Online
Catalog

Sobrevivir en el baile latino / (Record no. 18826)

MARC details
000 -CABECERA
campo de control de longitud fija 00756nam a2200253 a 4500
001 - NÚMERO DE CONTROL
campo de control 000019308
005 - FECHA Y HORA DE LA ÚLTIMA TRANSACCIÓN
campo de control 20250807144847.0
008 - DATOS DE LONGITUD FIJA--INFORMACIÓN GENERAL
campo de control de longitud fija 100601s20uu es ac 001 0 spa d
020 ## - NÚMERO INTERNACIONAL ESTÁNDAR DEL LIBRO
Número Internacional Estándar del Libro 8430531572
040 ## - FUENTE DE LA CATALOGACIÓN
Centro catalogador/agencia de origen DO-SdBNP
Lengua de catalogación spa
Centro/agencia transcriptor BNPHU
082 ## - NÚMERO DE LA CLASIFICACIÓN DECIMAL DEWEY
Número de clasificación 793.38
Número de documento/Ítem G216s
049 ## - FONDOS LOCALES (OCLC)
Fondos de biblioteca BNPD
100 1# - ENTRADA PRINCIPAL--NOMBRE DE PERSONA
Nombre de persona García-Egocheaga, Javier
9 (RLIN) 41529
245 10 - MENCIÓN DE TÍTULO
Título Sobrevivir en el baile latino /
Mención de responsabilidad, etc. Javier García-Egocheaga.
260 ## - PUBLICACIÓN, DISTRIBUCIÓN, ETC.
Lugar de publicación, distribución, etc. Madrid, España :
Nombre del editor, distribuidor, etc. Tikal,
Fecha de publicación, distribución, etc. 200?
300 ## - DESCRIPCIÓN FÍSICA
Extensión 61 p. :
Otras características físicas il., retrs. ;
Dimensiones 26 cm.
490 1# - MENCIÓN DE SERIE
Mención de serie Musical
650 #0 - PUNTO DE ACCESO ADICIONAL DE MATERIA--TÉRMINO DE MATERIA
Término de materia o nombre geográfico como elemento de entrada Danza
9 (RLIN) 28339
650 #4 - PUNTO DE ACCESO ADICIONAL DE MATERIA--TÉRMINO DE MATERIA
Término de materia o nombre geográfico como elemento de entrada Salsa (baile)
9 (RLIN) 41530
650 #4 - PUNTO DE ACCESO ADICIONAL DE MATERIA--TÉRMINO DE MATERIA
Término de materia o nombre geográfico como elemento de entrada Música bailable caribeña
9 (RLIN) 41531
650 #0 - PUNTO DE ACCESO ADICIONAL DE MATERIA--TÉRMINO DE MATERIA
Término de materia o nombre geográfico como elemento de entrada Identidad colectiva
9 (RLIN) 1723
830 #0 - PUNTO DE ACCESO ADICIONAL DE SERIE-TÍTULO UNIFORME
Título uniforme Musical
9 (RLIN) 41527
910 ## - DATOS DE OPCIÓN DEL USUARIO (OCLC)
Datos de opción del usuario Validado. Control de calidad EMS.
Holdings
Estado de retiro Estado de pérdida Restricciones de uso No para préstamo Código de colección Localización permanente Ubicación/localización actual Ubicación en estantería Fecha de adquisición Número de inventario Total de préstamos Signatura topográfica completa Código de barras Fecha visto por última vez Precio válido a partir de Tipo de ítem Koha Número de copia
      Excluido de préstamo Monografías: Libros y Folletos General General Depósito 01.06.2010 LF1   793.38 G216s 19308-10 25.06.2020 25.06.2020 No se presta  
      Excluido de préstamo Monografías: Libros y Folletos General General Depósito 01.06.2010 LF1   793.38 G216s 19308-20 25.06.2020 25.06.2020 No se presta e. 2

Powered by Koha